00877cam a2200265 a 4500001001900000003000400019005001700023008004100040015001600081017004400097020001800141035002500159035002200184040002400206080001700230100002100247245010700268260005500375300004000430490002900470504001700499650001900516650005200535830002400587991006495319706706OSt20241218115701.0140409s2014 spc d|| 000 0 spa|c aLL20142bnc aDL B 4722-2014bBiblioteca de Catalunya a9788415256694 a(ES-BaCBU).b59006365 a(OCoLC)1120648872 aES-BaCBUbcatcCDMR a321.02:681.31 aJaraba, Gabriel.10aPeriodismo en internet :bcómo escribir y publicar contenidos de calidad en la red /cGabriel Jaraba aBarcelona :bMa Non Troppo (Robinbook),ccop. 2014 a139 p. :bgràf., quadres ;c22 cm1 aTaller de comunicación aBibliografia 0aPremsa digital 7aPeriodismexInnovacions tecnològiques.2lemac 0aTaller de escritura